| 000 | 00441nam a22001217a 4500 | ||
|---|---|---|---|
| 082 |
_a624.1517 _bPAK |
||
| 110 |
_aPakistan Water and Power Development Authority _942869 |
||
| 245 | _aSubsoil investigation report for construction of igloos for ammunition storage at kashmore | ||
| 260 |
_aLahore.: _bPakistan Water and Power Development Authority _c1994 |
||
| 526 |
_a0 _b0 _c0 _d624_151700000000000_PAK |
||
| 650 |
_aMCE _9379 |
||
| 942 |
_2ddc _cBK |
||
| 999 |
_c546688 _d546688 |
||